000 00299nam a2200121Ia 4500
008 190216s9999||||xx |||||||||||||| ||und||
100 _aMulholland H & Jones C R
245 0 _aFundamentals Of Statistics
260 _bWiley Eastern Ltd
_c1968
300 _a291p
650 _aCommerce
942 _cBK
999 _c4306
_d4306